• 首页
  • 本馆介绍
  • 公告通知
  • 最新文献
  • 馆藏检索
  • 电子资源
  • 读者导购
  • 参考咨询
  • 我的图书馆
  • 登录
  • 详细信息显示
  • 放入我的书架
  • 预约/预借图书
  • 作者相关作品
  • 分类相关作品
  • 丛书相关作品
  • 出版社相关作品

书目信息

  • 表格格式
  • 工作单格式
  • 卡片格式
题名:
中国常绿阔叶林
    
 
作者: 宋永昌 主编
分册:  
出版信息: 北京   科学出版社  2013.12
页数: 10,801页
开本: 30cm
丛书名:
单 册:
中图分类: S718.54
科图分类:
主题词: 常绿阔叶林--研究--中国 , 常绿阔叶林
电子资源:
ISBN: 978-7-03-035548-5
000 01253nam0 2200289 450
001 0120141215829
005 20140609155403.26
010    @a978-7-03-035548-5@b精装@dCNY199.00,CNY398.00(全2册)
100    @a20140120d2013 em y0chiy0110 ea
101 0  @achi
102    @aCN@b110000
105    @aak z 000yy
106    @ar
200 1  @a中国常绿阔叶林@9zhong guo chang lv kuo ye lin@e分类·生态·保育@f宋永昌主编
210    @a北京@c科学出版社@d2013.12
215    @a10,801页@c图@d30cm
312    @a封面英文题名:Evergreen broad-leaved forests in China: classification-ecology-conservation
330    @a全书共分为四部分,第一部分是中国常绿阔叶林的分类与分布;第二部分是中国常绿阔叶林植物生态指示值与种组;第三部分是中国常绿阔叶林群落结构、功能与演替;第四部分是关于中国常绿阔叶林资源、保育与生态恢复。
333    @a生态学、植物学、林学、环境科学等相关专业人员,以及高等学校师生
510 1  @aEvergreen broad-leaved forests in China@eclassification-ecology-conservation@zeng
517 1  @a分类·生态·保育@9fen lei · sheng tai · bao yu
606 0  @a常绿阔叶林@x研究@y中国
606 0  @a常绿阔叶林
690    @aS718.54@v5
701  0 @a宋永昌@9song yong chang@4主编
801  0 @aCN@b人天书店@c20140120
905    @b549967-68@dS718.54@e61:2@f2
    
    中国常绿阔叶林:分类·生态·保育/宋永昌主编.-北京:科学出版社,2013.12
    10,801页:图;30cm
    使用对象:生态学、植物学、林学、环境科学等相关专业人员,以及高等学校师生
    
    ISBN 978-7-03-035548-5(精装):CNY199.00,CNY398.00(全2册)
    全书共分为四部分,第一部分是中国常绿阔叶林的分类与分布;第二部分是中国常绿阔叶林植物生态指示值与种组;第三部分是中国常绿阔叶林群落结构、功能与演替;第四部分是关于中国常绿阔叶林资源、保育与生态恢复。
●
相关链接 在E读中查询图书 在五车中查询图书 在当当中查询图书 在豆瓣中查询图书


正题名:中国常绿阔叶林     索取号:S718.54/61:2         预约/预借

序号 登录号 条形码 馆藏地/架位号 状态 备注
1 549967   205499673   第二样本阅览室/ [索取号:S718.54/61:2] 在馆    
2 549968   205499682   生命科学系资料室/ [索取号:S718.54/61:2] 在馆    
唐山师范学院图书馆 欢迎您!
大连网信软件有限公司© 版权所有